00558nam a2200133Ia 4500008004100000100001900041245012800060260002900188300001800217650001500235856008200250999001900332952007300351160712s9999 xx 000 0 und d aTan, Arwin Q.  cArwin Q. TanaReproduction of Cultural and Social Capital in Nineteenth Century Spanish Regimental Bands of the Philippines c2014bHumanities Diliman avol. 11 no. 2 xHUMANITIES uhttp://journals.upd.edu.ph/index.php/humanitiesdiliman/issue/view/502/showToc c297169d297169 001040aCLbCLd2016-07-12l0r2016-07-12 00:00:00w2016-07-12yFEJ